000
00258nam a2200097Ia 4500
001
1224684
005
20250827092931.0
008
250824s9999 xx 000 0 und d
245
0
_a
HARRY POTTER VE ATEŞ KADEHİ
_c
J.K.ROWLING
260
_b
YAPI KREDİ YAYINLARI
999
_c
1224684
_d
1224684